000 01034nam a2200241Ia 4500
005 20250120104503.0
008 210716s2013 xx 000 0 und d
020 _a9788184248210
040 _cAIMIT LIBRARY
041 _aeng
082 _a001.0725118
_21
_bSETG
245 _aProceedings of the national conferences on recent advances in mathematics and its applications :
_bRama-2013 /
_cEdited by G S Seth, M K Singh and S P Tiwari.
250 _a1st ed.
260 _aNew Delhi :
_bAllied Publishers Pvt Ltd ,
_c2013.
300 _ax,420p. ;
_bHB
_c25.5 cm
650 _aSome criteria of starlikeness for an integral operator
_9193636
650 _aA class of estimators of population mean in two-phase sampling
_9193637
650 _aComparative study of 2-D solute transport with temporally dependent source concentration in homogeneous porous media.
_9193638
700 _aSeth, G S., ed.
_9193639
700 _aSingh, M K.,ed.
_9193640
700 _aTiwari, S P., ed.
_9193641
942 _2ddc
_cBK
_e1st
_k001.0725118 SETG
999 _c193960
_d193960